Planning for places (Record no. 110218)

MARC details
000 -LEADER
fixed length control field 01141cad a22002415a 4500
001 - CONTROL NUMBER
control field L148774
008 - FIXED-LENGTH DATA ELEMENTS--GENERAL INFORMATION
fixed length control field 091109s2009 xxkabo f 000 0 eng d
020 ## - INTERNATIONAL STANDARD BOOK NUMBER
International Standard Book Number 9781846330247
035 ## - SYSTEM CONTROL NUMBER
System control number (Sirsi) u148774
041 0# - LANGUAGE CODE
Language code of text/sound track or separate title eng
050 04 - LIBRARY OF CONGRESS CALL NUMBER
Classification number 711.1 $2 18
110 2# - MAIN ENTRY--CORPORATE NAME
Corporate name or jurisdiction name as entry element Commission for Architecture and the Built Environment
9 (RLIN) 4058
245 00 - TITLE STATEMENT
Title Planning for places
Remainder of title delivering good design through core strategies
Medium [electronic resource]
260 ## - PUBLICATION, DISTRIBUTION, ETC.
Place of publication, distribution, etc. London
Name of publisher, distributor, etc. CABE
Date of publication, distribution, etc. 2009
520 ## - SUMMARY, ETC.
Summary, etc. Explains how local authorities can integrate design quality in spatial planning strategies. Provides guidance on good practice in writing core strategies. Provides as cases studies: the London Boroughs of Tower Hamlets and Camden; Brighton and Hove City Council; and the City of York Council.
521 ## - TARGET AUDIENCE NOTE
Target audience note Advanced
590 ## - LOCAL NOTE (RLIN)
Local note KA NTK
651 #4 - SUBJECT ADDED ENTRY--GEOGRAPHIC NAME
Geographic name England
Chronological subdivision 886-
690 ## - LOCAL SUBJECT ADDED ENTRY--TOPICAL TERM (OCLC, RLIN)
Topical term or geographic name as entry element BUILT ENVIRONMENT-CONSTRUCTION MANAGEMENT-CONSTRUCTION DESIGN AND MANAGEMENT
690 ## - LOCAL SUBJECT ADDED ENTRY--TOPICAL TERM (OCLC, RLIN)
Topical term or geographic name as entry element Planning and development
9 (RLIN) 6259
856 40 - ELECTRONIC LOCATION AND ACCESS
Uniform Resource Identifier <a href="https://www.cabe.org.uk/publications/planning-for-places">https://www.cabe.org.uk/publications/planning-for-places</a>
Public note View the publication free of charge at www.cabe.org.uk...
942 ## - ADDED ENTRY ELEMENTS (KOHA)
Suppress in OPAC 0
Source of classification or shelving scheme Dewey Decimal Classification
Holdings
Withdrawn status Lost status Source of classification or shelving scheme Damaged status Not for loan Home library Current library Shelving location Date acquired Total Checkouts Full call number Barcode Date last seen Copy number Price effective from Koha item type
    Dewey Decimal Classification     Virtual Virtual Online 09/11/2009   ONLINE PUBLICATION 148774-2001 06/08/2019 1 06/08/2019 Book